000 00565nam a2200169Ia 4500
003 GCL
008 140319s9999 xx 000 0 ara d
040 _aGCL /
_cGCL
082 0 4 _aم
_b920.72
_bم ت
100 1 _aمحمد حسين الاعلمى الحائرى
245 1 0 _aتراجم اعلام النساء /
_cمحمد حسين الاعلمى الحائرى
260 _a[S.N] :
_bمؤسسة الاعلى للمطبوعات ،
_c1987
300 _a825 ص
490 _aشكاوى المصرى الفصيح
_v0
650 0 4 _aالنساء
942 _2ddc
_cREF
999 _c59437
_d59437